Profile: Elizabeth II Quiz Stats

 Plays Quiz Updated Sep 8, 2015

Challenge
Share
Tweet
Embed
Score 0/29 Timer 05:00
2 Plays Today
Hint Fact % Correct
SonCharles, Prince of Wales
92.3%
Royal HouseHouse of Windsor
91.5%
ResidenceWindsor Castle
91.4%
ResidenceBuckingham Palace
81.5%
Country of BirthUnited Kingdom
80.1%
City of BirthLondon
78.9%
Year of Coronation1953
77.5%
ReligionChurch of England
74.9%
SpousePrince Philip, Duke of Edinburgh
74.3%
DaughterAnne, Princess Royal
73.9%
SonPrince Andrew, Duke of York
71.5%
SonPrince Edward, Earl of Wessex
70.5%
Her Dogs' BreedPembroke Welsh Corgi
66.5%
Previous MonarchGeorge VI
66%
Year of Birth1926
65.4%
Hint Fact % Correct
Largest CountryCanada
65.2%
SiblingPrincess Margaret, Countess of Snowdon
62.1%
Year of Golden Jubilee2002
55.8%
Year of Silver Jubilee1977
52.8%
# of Countries She Rules16
51.3%
ResidenceBalmoral Castle
46.5%
ResidenceSandringham House
32.4%
International Organization She LeadsCommonwealth of Nations
32.1%
Zodiac SignTaurus
29.3%
Date of Birth21 April
20.6%
ResidenceHolyrood Palace
14.3%
Smallest CountryTuvalu
11.9%
Full NameElizabeth Alexandra Mary Windsor
10.8%
ResidenceHillsborough Castle
1.4%

You're not logged in!

Compare scores with friends on all Sporcle quizzes.
Join for Free
OR
Log In

You Might Also Like...

Show Comments

Extras

Top Quizzes Today


Score Distribution

Your Account Isn't Verified!

In order to create a playlist on Sporcle, you need to verify the email address you used during registration. Go to your Sporcle Settings to finish the process.

Report this User

Report this user for behavior that violates our Community Guidelines.

Details: